000 00343nam a2200145Ia 4500
003 OSt
005 20240710114118.0
008 170524s9999 xx 000 0 und d
020 _a8125936319
040 _ciimt university meerut
100 _aSAXENA- S
245 2 _aA FIRST COURSE IN COMPUTERS
260 _bVIKAS PUB.HOUSE
942 _2ddc
_c02
999 _c7880
_d7880